Preguntas y respuestas sobre conflictos ambientales: (Registro nro. 20156)

Detalles MARC
000 -CABECERA
Campo de control 00961nam a22002297a 4500
005 - FECHA Y HORA DE LA ULTIMA TRANSACCION
Campo de control 20180413110509.0
008 - ELEMENTOS DE LONGITUD FIJA—INFORMACION GENERAL
Campo de control 180413e2017 ck |||||r|||| 00| 0 spa d
020 ## - ISBN
ISBN 9789585418196
040 ## - FUENTE DE CATALOGACIÓN
Agencia catalogadora original CO-BoIAVH
Agencia transcriptora CO-BoIAVH
041 ## - IDIOMA
Código de idioma para texto/pista de sonido o título separado Español
044 ## - PAÍS DE PUBLICACIÓN
País de publicación Colombia
082 ## - NUMERO DE CLASIFICACION DECIMAL DEWEY
Número de clasificación 551.483
Número del ítem C27p
100 ## - ASIENTO PRINCIPAL--NOMBRE PERSONAL
Nombre personal Castro, Luis Guillermo
9 (RLIN) 90845
245 10 - MENCION DE TITULO
Título Preguntas y respuestas sobre conflictos ambientales:
Parte restante del título aprendizajes de río Orotoy
260 ## - PUBLICACION, DISTRIBUCION, ETC. (PIE DE IMPRENTA)
Lugar de publicación, distribución, etc. Bogotá:
Nombre del editor, distribuidor, etc. Instituto de Investigación de Recursos Biológicos Alexander von Humboldt,
-- Universidad de los Llanos,
-- Centro Internacional de Investigaciones para el desarrollo, IDRC.
Fecha de publicación, distribución, etc. 2017.
300 ## - DESCRIPCION FISICA
Extensión 107 páginas
Otros detalles físicos ilustraciones a color, tablas, fotografías a color
Dimensiones 16.5 x 23cm
Material acompañante CD-ROM
650 14 - ASIENTO SECUNDARIO DE MATERIA - TERMINO TEMATICO
Término temático o nombre geográfico como elemento de entrada Conflictos ambientales
Subdivisión geográfica Meta (Colombia)
9 (RLIN) 90861
650 14 - ASIENTO SECUNDARIO DE MATERIA - TERMINO TEMATICO
Término temático o nombre geográfico como elemento de entrada Sistemas socio ecológicos
Subdivisión geográfica Meta (Colombia)
9 (RLIN) 90862
650 14 - ASIENTO SECUNDARIO DE MATERIA - TERMINO TEMATICO
Término temático o nombre geográfico como elemento de entrada Gobernanza
9 (RLIN) 90863
650 14 - ASIENTO SECUNDARIO DE MATERIA - TERMINO TEMATICO
Término temático o nombre geográfico como elemento de entrada Justicia ambiental
9 (RLIN) 90849
942 ## - ELEMENTOS ADICIONALES (KOHA)
Sistema de clasificación Dewey Decimal Classification
Tipo de ítem Libro
Existencias
Withdrawn status Lost status Sistema de Clasificación Damaged status No para préstamo Colección Ubicación Permanente Ubicación actual Fecha de adquisición Total Checkouts Número topográfico Inventario / Código de Barras Date last seen Ejemplar Price effective from Forma de adquisición Tipo de material Public note Date checked out
    Dewey Decimal Classification     Humboldt Bogotá Bogotá 13/04/2018   IAVH-551.483 C27p 043206 13/04/2018 Ej. 1 13/04/2018 Institucional Libro Incluye Cd-rom: cid 043205  
    Dewey Decimal Classification     Humboldt Bogotá Bogotá 13/04/2018   IAVH-551.483 C27p 043202 13/04/2018 Ej. 2 13/04/2018 Institucional Libro Incluye Cd-rom: cid 043203  
    Dewey Decimal Classification     Humboldt Sala Fabio Quevedo Sala Fabio Quevedo 13/04/2018 1 IAVH-551.483 C27p 043204 04/05/2018 Ej. 3 13/04/2018 Institucional Libro Incluye Cd-rom: cid 042505 03/05/2018
    Dewey Decimal Classification     Humboldt Villa de Leyva Villa de Leyva 13/04/2018   IAVH-551.483 C27p 042506 13/04/2018 Ej. 4 13/04/2018 Institucional Libro Incluye Cd-rom: cid 042507